| 000 | 00719nam a2200253 a 4500 | ||
|---|---|---|---|
| 001 | BRCA_5617 | ||
| 005 | 20190320205144.0 | ||
| 008 | 210211t1900----enka######---#001-0#eng-# | ||
| 041 | _aeng | ||
| 044 | _aenk | ||
| 050 | 4 |
_aNK2229 _b.B45 1900 |
|
| 100 | 1 |
_aBell, M. _914316 |
|
| 245 | 1 | 0 |
_aChippendale, Sheraton and Hepplewhite _bFurniture Designs _cby M. Bell. |
| 260 |
_aLondres _bGibbings _c1900 |
||
| 300 |
_a259 p. _bil. _c31 cm. |
||
| 500 | _aIncluye índice temático | ||
| 500 | _aEstado físico: Lomo desprendido | ||
| 500 | _aF95 | ||
| 650 | 1 | 4 |
_aMuebles _xDiseño _zLondres _914317 |
| 650 | 1 | 4 |
_aDecoración y ornamentación _93592 |
| 650 | 1 | 4 |
_aArtes decorativas _91921 |
| 902 | _aGFM | ||
| 942 |
_2lcc _cB |
||
| 999 |
_c5311 _d5311 |
||